[Event "Moscow Tal Memorial 8th"]
[Site "Moscow"]
[Date "2013.06.19"]
[Round "6"]
[White "Morozevich, Alexander"]
[Black "Karjakin, Sergey"]
[Result "1/2-1/2"]
[WhiteElo "2760"]
[BlackElo "2782"]
[Annotator "Sumets,A"]
[PlyCount "200"]
[EventDate "2013.06.13"]
[EventType "tourn"]
[EventRounds "9"]
[EventCountry "RUS"]
[EventCategory "22"]
[SourceTitle "CBM 155"]
[Source "ChessBase"]
[SourceDate "2013.07.16"]
[SourceVersion "1"]
[SourceVersionDate "2013.07.16"]
[SourceQuality "1"]

1. d4 Nf6 2. c4 e6 3. Nc3 Bb4 4. Qc2 d5 5. cxd5 Qxd5 6. Nf3 Qf5 7. Qb3 Nc6 8.
Bd2 O-O 9. h3 {Anand was the 1st who employed this move (in his match against
Kramnik). Since that game 9.h3 has been considered the most dangerous weapon
in the 5...Qd5 and 6...Qf5 line.} a5 (9... b6 {Anand,V-Kramnik,V Bonn 2008/
CBM 127 1-0 (46). GM Postny has annotated the game for ChessBase. According to
Postny's comments Black's position after the opening wasn't so bad but no-one
has played 9...b6 after the game Anand-Kramnik.}) (9... Rd8 10. g4 Qg6 (10...
Qa5 11. e3 e5 12. Bc4 exd4 13. Bxf7+ Kf8 14. exd4 Rd7 (14... Nxd4 15. Nxd4 Rxd4
16. O-O-O Bd7 17. Be3 Rd6 18. Bc4 Bc6 19. Rhg1 Rad8 20. Rxd6 cxd6 21. g5 $40)
15. Bc4 b5 16. Be2 Nxd4 17. Nxd4 Rxd4 18. O-O-O Bb7 19. Be3 Rdd8 20. Rhg1 Ne4
21. Nd5 $16 {Laznicka,V-Azarov,S Ostrava 2009 1-0 (40)}) 11. Rc1 Nd5 12. Bg2
Nxc3 13. bxc3 Bd6 14. Ng5 h6 15. Be4 Qf6 16. Nf3 Bf4 (16... Qe7 17. g5 hxg5 18.
Bxg5 f6 19. Bd2 $40) 17. e3 Bd6 18. h4 Qe7 19. g5 h5 20. g6 f5 21. Bd3 Qf6 22.
Rg1 Ne7 23. Ng5 Nxg6 24. Qd1 Nf8 25. e4 g6 26. e5 Bxe5 27. Nf3 {1-0 Navara,
D-Azarov,S Czechia 2008}) 10. g4 Qg6 11. a3 (11. Bg2 Ne4 12. e3 Nxd2 13. Nxd2
Bd7 14. a3 a4 15. Qd1 Bd6 16. h4 e5 17. d5 Bxg4 $2 (17... Ne7 18. Bh3 f5 19.
gxf5 Nxf5 20. h5 Qf7 21. Qf3 $13 (21. Nde4 $2 Nxe3 22. fxe3 Bxh3 23. Rxh3 Qf1+)
) 18. h5 Qf5 19. f3 Bxh5 20. dxc6 bxc6 21. Nde4 $16 {Erdos,V-Wojtaszek,R
European Rapid Warsaw POL 2011 1-0 (68)}) 11... a4 (11... Bxc3 $6 {gives White
better chances} 12. bxc3 a4 13. Qb2 Qe4 14. Bg2 Qd5 (14... Rd8 $4 15. Nh4 $18)
15. O-O Na5 16. Ne5 Qb3 17. Qc1 $14 {Gasanov,E-Maletin,P RUS-ChT2 16th Dagomys
2009 1-0 (53)}) 12. Qc4 (12. Qd1 Bxc3 13. Bxc3 Nd5 14. Qd2 b6 15. Rg1 Ba6 16.
Rc1 Rfd8 17. Rg3 Rac8 (17... e5 $1 18. dxe5 Ndb4 19. Bd4 Qe4 20. axb4 Nxd4 21.
Nxd4 Rxd4 $40) 18. h4 e5 19. h5 Qe4 20. dxe5 (20. Ng5 Qf4 (20... Qh1 $2 21. Qc2
g6 22. hxg6 hxg6 23. Rh3 Qg1 24. dxe5 $18) 21. dxe5 Qxd2+ 22. Bxd2 Nxe5 $13)
20... Nxc3 21. Qxc3 Nd4 22. e6 Nxe6 23. h6 Rd5 24. Qb4 Nd4 $17 {Morozevich,
A-Lysyj,I 64-th ch-Rus High LeagueTaganrog 2011 1/2-1/2 (44)}) (12. Qa2 Bxc3
13. bxc3 Ne4 14. Bg2 f5 15. Rb1 Kh8 16. Qc2 Nxd2 17. Nxd2 e5 18. e3 Qf6 19. O-O
(19. Rb5 fxg4 20. Ne4 Qg6 21. hxg4 Bxg4 22. dxe5 $13) 19... Nd8 20. f4 exd4 21.
cxd4 Qe7 22. Nc4 $13 {0-1 Laznicka,V-Wojtaszek,R 40-th Olimpiad Istanbul TUR
2012 (42)}) 12... Bxc3 13. Bxc3 $146 (13. bxc3 e5 14. Bg2 Be6 15. Qb5 exd4 16.
cxd4 Bd5 17. Be3 Qc2 18. O-O Na7 19. Ne1 $5 (19. Qb1 $6 Qxe2 20. g5 Ne8 21. Rc1
Rd8 22. Ne5 Bxg2 23. Kxg2 Qa6 $17) 19... Qc3 (19... Nxb5 $5 20. Nxc2 c6 21.
Bxd5 Nxd5 22. Bd2 Rfe8 23. Rfe1 Rad8 24. e4 Nf6 25. e5 Nd5 $15) 20. Qb1 Qc6 21.
Qf5 Nb5 22. Nf3 Nc3 $15 {Dreev,A-Gustafsson,J 28-th European Club Cup Eilat
ISR 2012 1-0 (40). The final result has nothing to do with the outcome of the
opening.}) 13... Nd5 {The position is very complicated and everything is based
on tactical niceties. Black has at least 5 competing options.} (13... Ne4 14.
Bg2 Nxc3 15. bxc3 e5 $5 16. d5 e4 17. Nd2 Na5 18. Qxe4 (18. Qxa4 f5) 18... f5
19. Qxa4 fxg4 20. hxg4 Bxg4 21. Be4 Bf5 $44 {with a messy position}) (13... Qc2
$5 14. Nd2 (14. Bg2 $6 Na5 $1 15. Qa2 Nb3 16. Rd1 Nc1 17. Qc4 b5 18. Qxb5 Ba6
19. Qe5 Ne4 $17) 14... Ne4 15. Rd1 Nxc3 16. Qxc3 Qxc3 17. bxc3 b6 18. Bg2 Bb7
19. O-O Na5 20. Bxb7 Nxb7 $11) (13... Qe4 14. Rg1 (14. Bg2 Nd5 15. Nh4 Qf4 16.
Nf3 Qe4 (16... f5 $5) 17. Nh4 Qf4 $11) 14... Nd5 15. Rc1 Nxc3 16. Qxc3 Bd7 17.
Bg2 Qf4 18. e3 Qd6 19. Ng5 $13) (13... Rd8 14. Bg2 Bd7 15. Nd2 (15. O-O $6 {
it seems that White shouls forget about castling in this variation.} h5 16.
gxh5 Qxh5 $40) 15... Nd5 16. Be4 Qf6 17. e3 Na5 18. Bxa5 Rxa5 19. Qc2 g6 20.
Nc4 Rb5 $13) 14. Bd2 Bd7 15. Bg2 Qe4 $6 {Black's queen is in danger now.
Sergey Karjakin had several options to get good counterplay.} (15... Rfd8 16.
Rc1 Na5 17. Bxa5 (17. Qc2 $6 Nb3) 17... Rxa5 18. Ne5 Qf6 19. Qc2 Be8 $13) (
15... f6 $5 {preparing ...Na5} 16. Rc1 Na5 17. Bxa5 Rxa5 18. e3 Bb5 19. Qc2 Qf7
20. Nd2 $13) ({Of course he couldn't play ...Na5 immediately:} 15... Na5 $4 16.
Bxa5 Rxa5 17. Ne5 $18) 16. Rc1 Rfc8 17. Rg1 $5 {An ambitious approach.} ({
White could achieve a better endgame after} 17. Qc2 $5 Qxc2 18. Rxc2 Na5 19.
Ne5 Be8 20. Bxa5 Rxa5 21. e3 $14 {White's advantage isn't significant.}) 17...
f6 18. g5 Rf8 $2 {Black's posiion is unpleasant but after his last move
Karjakin could be in big trouble.} (18... Nf4 {Probably the best option} 19.
Bxf4 Qxf4 20. e3 Qf5 21. gxf6 Qxf6 22. Ne5 Rf8 23. Nd3 $14) (18... Qg6 19. Nh4
Qf7 20. gxf6 Nxf6 21. Nf3 $16) 19. gxf6 Rxf6 20. Bg5 $2 (20. Nh2 $1 {White's
attack is very strong} Qg6 (20... Qxd4 21. Qxd4 Nxd4 22. Ng4 Rff8 (22... Rg6
23. Ne5 $18) 23. Bxd5 exd5 24. Nh6+ Kh8 25. Rxc7 Rad8 26. Bb4 $1 Rf6 27. Be7
Nf3+ 28. Kd1 $1 $18) (20... Qh4 21. Ng4 Rg6 22. Be4 $18) 21. Ng4 Rf7 22. Bxd5
exd5 23. Qxd5 Kh8 24. Rg3 $16 {Black's position isn't joyful at all.}) 20...
Rf7 21. Ne5 Nxe5 22. Bxe4 Nxc4 23. Rxc4 $14 {White achieved a better endgame 
(bishop pair vs bishop and knight).} Bb5 24. Rc2 ({Apparently} 24. Rc5 $1 {
gives White more chances:} c6 25. h4 Raf8 26. f3 Kh8 (26... Nf4 $6 27. Rg4) 27.
h5 $14) 24... c6 25. Bh4 Nf4 26. Rg4 $2 {A blunder.} (26. e3 Nd3+ 27. Kd1 (27.
Bxd3 Bxd3 $11) 27... Raf8 28. Rg2 (28. f4 $2 Nxf4 29. exf4 Rxf4 $17) 28... Nf4
$1 29. Rg3 Nh5 30. Rg1 Nf6 31. Bf3 Bd3 32. Rc5 Ne4 $11) (26. Bg3 Raf8 27. h4
Nh3 28. Rf1 Nf4 {The position is about equal.}) 26... Raf8 $2 {Amnesty!} ({
Golubev indicated that Black could have got a pawn up after} 26... h5 $1 27.
Rg3 (27. Rg1 Nxh3) 27... Nxe2 28. Rxe2 Bxe2 29. Bg6 (29. Kxe2 $2 Rf4 $19) 29...
Bc4 30. Bxf7+ Kxf7 $17) 27. Bg3 $14 g6 {Karjakin could trade another white
bishop for his knight. In this case he would achieve a position with opposite
coloured bishops.} (27... Nxh3 28. Bxh7+ Kxh7 29. Rh4+ Kg8 30. Rxh3 {This
position is rather more unpleasant for Black than the postion that arose in
the game.}) 28. Bxf4 Rxf4 29. f3 Kg7 30. Rc5 R4f6 {It is quite difficult to
suggest a plan for Black.} 31. Kf2 Kf7 32. Rh4 Kg7 33. Ke3 {Morozevich
centralises his king. The next step of his plan is pushing h4, h5.} Rd8 34. Rg4
Kf7 35. h4 Rf8 36. Rgg5 Rh8 37. Rge5 Ke7 38. Rg5 Kd6 39. h5 b6 40. Rc1 gxh5 {
Karjakin decided to keep the h-pawn.} (40... Rg8 41. hxg6 hxg6 42. Rh1 Bc4 43.
Rh7 b5 44. Kd2 $16 {Black can't protect the g6-pawn.} Bd5 $2 45. Bd3 Bb3 46. e4
$18) 41. Rxh5 h6 42. Rg1 $16 Bc4 43. Rg7 {The position is similar to the
position in the annotations after 40...Rg8.} Rb8 44. Bc2 $1 (44. Bg6 c5 45. Rh4
Bb3) 44... b5 45. Kd2 (45. Bg6 $1 {It seems to me that this was much stronger
than 45.Kd2.} Rff8 (45... b4 46. Rc5 Bd5 47. Ra5 bxa3 48. bxa3 Rff8 (48... Rb3+
49. Bd3 Rxa3 $2 50. Raa7 $18) 49. Raa7 Rbd8 (49... Rfd8 $2 50. Be8 $1 Rb3+ 51.
Kf2 $18) 50. Kf2 Bb3 51. e4 e5 52. dxe5+ Kxe5 53. Ke3 Kd6 54. Ra5 Ra8 55. Rxa8
Rxa8 56. e5+ Ke6 57. f4 $18) 46. Rxh6 Rh8 47. Rxh8 Rxh8 48. Bh7 $16 {After a
few moves White has got a worse version of this position}) 45... Rd8 46. Rh7
Rg8 47. R5xh6 Rxh6 48. Rxh6 Rg2 {All the black pieces are active. You could
compare this position with the one indicated above.} 49. Bd1 {Black's 'bad'
bishop is not so bad. So White could try to swap bishops.} (49. Bd3 Bxd3 50.
Kxd3 Rg1 51. f4 Rf1 52. Ke4 Rf2 53. Ke3 Rf1 $14 {Black should make a draw if
he plays precisely.}) 49... Kd5 50. Ke3 Kd6 51. Rh1 Ke7 52. Rf1 Rh2 53. Rf2 $14
Rh4 (53... Rh1 54. Bc2 Kd6) 54. Bc2 Rh1 55. Kd2 Kd6 56. f4 Rh3 (56... c5 $5 {
deserves attention} 57. dxc5+ Kxc5 58. f5 (58. Rg2 Rh3) 58... exf5 59. Rxf5+
Kd6) 57. e3 Rh1 58. f5 {It is not easy to indicate another plan for White.}
exf5 59. Bxf5 c5 60. dxc5+ Kxc5 61. Bc2 Be6 62. Bd1 Rh4 63. Rf6 Bd5 64. Rf5
Rh2+ 65. Kc3 Rh3 66. Kd3 Kd6 67. Rh5 Rg3 68. Kd4 Bc4 69. Bxa4 $6 (69. Rh6+ $1 {
I think it was the only chance to win the game. Let's examine the lines.} Kc7
70. Rh2 {Now White threatens Bxa4} Kb6 $1 (70... Kd6 $2 71. Bxa4 Rg4+ 72. e4
bxa4 73. Kxc4 Rxe4+ 74. Kb5 Kc7 75. Rc2+ Kb7 76. Rc4 Re2 77. Rb4 $18) 71. Rd2 {
preparing e3-e4} (71. Bxa4 $2 Rg4+ 72. e4 bxa4 73. Kxc4 Rxe4+ $11) 71... Rg8
72. e4 Rd8+ 73. Ke3 {This position can't be assessed precisely. Both sides
have chances to gain an extra half point.}) 69... Rg4+ 70. e4 bxa4 71. Kxc4
Rxe4+ 72. Kd3 Re8 $11 {According to theory, the endgame is drawish. Apparently
Morozevich wanted to torture his opponent. 'A drawish position is not a draw'.}
73. Rb5 Rc8 74. Kd4 Rc6 75. Rb4 Ra6 76. Kc4 Kc6 77. Rb5 Ra8 78. Kb4 Kd6 $1 {
Black's king needs to retreat from the c-file.} (78... Kd7 $1) (78... Ra7 $4
79. Ra5 Rb7+ 80. Kc3 $18) 79. Rb6+ (79. Ra5 Rb8+ 80. Kc3 Rc8+ 81. Kd3 Rb8 $11
82. Kc2 Rc8+ 83. Kd2 Rb8 $11 (83... Rc4 $11)) 79... Kc7 80. Kb5 Kd7 81. Rb7+
Kd6 82. Kb6 {The last attempt} Rh8 83. Ka7 (83. Kb5 Ra8 (83... Rh4 $4 84. Ka5
$18)) 83... Kc6 84. Rb4 Rh7+ 85. Ka6 Rh8 86. Rc4+ Kd5 87. Rc7 Kd6 88. Kb7 Rh2
89. Rc6+ Kd5 90. Rb6 Kc5 91. Rb4 Rh7+ 92. Ka6 Rh8 $11 93. Rb5+ Kc4 94. Rb7 Ra8+
95. Kb6 Kb3 96. Kc5+ Ka2 97. Rb4 Ra5+ 98. Kc4 Rh5 99. Rxa4 Kxb2 100. Ra8 Rh4+
1/2-1/2

[Event "Dieren op"]
[Site "Dieren"]
[Date "2004.08.04"]
[Round "8"]
[White "Gagunashvili, Merab"]
[Black "Tiviakov, Sergei"]
[Result "0-1"]
[WhiteElo "2580"]
[BlackElo "2601"]
[Annotator "Tiviakov,S"]
[PlyCount "102"]
[EventDate "2004.07.27"]
[EventType "swiss"]
[EventRounds "9"]
[EventCountry "NED"]
[SourceTitle "CBM 101 Extra"]
[Source "ChessBase"]
[SourceDate "2004.09.01"]
[SourceVersion "2"]
[SourceVersionDate "2004.09.01"]
[SourceQuality "1"]

1. d4 Nf6 2. c4 e6 3. Nc3 Bb4 4. Qc2 d5 5. cxd5 Qxd5 6. Nf3 Qf5 7. Qxf5 exf5 8.
a3 Be7 (8... Bd6 9. Bg5 Nbd7 10. e3 Nh5 $6 $146 (10... a6 $146 11. Bd3 h6 12.
Bh4 g6 13. Nd2 g5 14. Bg3 Nb6 15. Bxd6 cxd6 16. h4 $14 {1/2-1/2 Gagunashvili,
M-Lobron,E/Amsterdam NED 2004/The Week in Chess 507 (53)}) (10... c6) 11. Nb5
a6 12. Nxd6+ cxd6 13. Nd2 h6 14. Bh4 g5 15. Bg3 Ke7 16. h4 $16 {1-0 Van Wely,
L-Tiviakov,S/Leeuwarden 2004 (55)}) 9. e3 (9. Bf4 c6 10. e3 Nbd7 11. Bd3 Nb6
12. O-O O-O $146 (12... Nfd5 13. Be5 O-O 14. Rfc1 Be6 15. b4 Nxc3 16. Rxc3 Nd5
17. Rcc1 Rfc8 18. Nd2 $14 {0-1 Bennborn,J-De Groot,A/Email 2001/IM03Base plus 
(67)}) 13. Rfc1 Be6 14. Nd2 Rfc8 15. Bg3 $14 {1-0 Gagunashvili,M-Pedersen,N/
Vlissingen NED 2004/The Week in Chess 510 (44)}) 9... c6 10. Bd3 g6 $146 (10...
h6 11. b4 Be6 12. O-O O-O 13. Bd2 Nbd7 14. Rfb1 $14 {1/2-1/2 Herraiz Hidalgo,
H-Gongora,M/Havana 2002/CBM 88 ext (54)}) (10... Be6 11. Ng5 $14) 11. Bd2 Be6
12. b4 Nd5 (12... Nbd7 13. Na4 $14 {/\Nc5} (13. Ng5 $14)) 13. Ke2 (13. b5 $5) (
13. Na4 $5) 13... Nxc3+ (13... Nd7 14. Na4 $14 {/\Nc5}) 14. Bxc3 Bd5 15. b5 $6
(15. Rhb1 $14) 15... cxb5 16. Bxb5+ Nc6 $11 {[/\0-0-0]} 17. Ne5 (17. Bb4 $5) (
17. Rhb1 O-O-O $11) 17... f6 (17... Bxg2 $6 18. f3 $1 (18. d5 Bxd5 19. Rhd1 (
19. Nxc6 bxc6 $17) 19... f6 20. Rxd5 fxe5 21. Rxe5 $44) 18... O-O (18... Bxh1
19. Nxc6 $16) 19. Rhg1 Nxe5 20. dxe5 $16 {ץg2}) 18. Nxc6 bxc6 19. Ba4 (19. Ba6
Kd7 $11 (19... Bxg2 20. Rhb1 $44)) 19... Kd7 (19... Bxg2 20. Rhb1 $44 {|^ /\Rb7
}) 20. Rhb1 Rhb8 $1 {[><a7]} 21. f3 Rb6 22. Bc2 (22. Ba5 $2 Ra6 23. Rb7+ Ke6
24. Bb4 Bd8 $17) (22. Bb4 Rab8 23. Bc2 $11) 22... Rab8 23. a4 (23. Bb4 $11)
23... Bb4 (23... Bd6 $11) 24. a5 $6 (24. Bxb4 $142 Rxb4 25. Rxb4 Rxb4 26. Rb1
Rxb1 27. Bxb1 a5 $11) 24... Rb5 25. Kd3 (25. Bxb4 Rxb4 26. Rxb4 Rxb4 27. Rb1 (
27. Kd3 Kd6 28. Rb1 $11) (27. Kd2 Kd6 28. Rb1 $11 (28. Kc3 c5 29. dxc5+ Kxc5
$15 {><a5})) 27... Rb5 $5 $11) 25... Bxc3 26. Kxc3 Kd6 27. e4 (27. Bd3 Rb3+ 28.
Rxb3 Rxb3+ 29. Kc2 c5 30. dxc5+ Kxc5 $15 {><a5}) 27... Be6 $5 (27... fxe4 28.
fxe4 Be6 29. Rf1 f5 $11) 28. Rxb5 $6 (28. exf5 $142 Bxf5 (28... gxf5 $11) 29.
Bxf5 gxf5 30. Rxb5 $11 {><a5, f5, f6}) 28... Rxb5 29. Bd3 (29. exf5 Bxf5 30.
Bxf5 Rxf5 $15) 29... Rb3+ 30. Kc2 fxe4 31. fxe4 Rb4 32. Kc3 c5 $15 33. d5 $6 (
33. dxc5+ Kxc5 $15) 33... Bd7 {[><a5, e4, d5, e5]} 34. a6 $5 (34. g3 $5) 34...
Ra4 $5 35. Rxa4 (35. Rb1 $5 Ra3+ 36. Kc2 (36. Kd2 f5 $17) 36... f5 $17 37. Rb7
(37. exf5 Rxd3 $19) 37... fxe4 38. Bc4 (38. Bxe4 Rxa6) 38... e3 39. Rxa7 Bf5+)
(35. Rf1 Ra3+ 36. Kc4 f5 $19 (36... Rxd3 $19)) 35... Bxa4 36. Kc4 $2 (36. g3
Bd7 37. Kc4 (37. Bc4 f5 $19) 37... Bc8 38. Kc3 (38. Kb5 f5 39. exf5 Bd7+ 40.
Kc4 Bxf5 41. Bxf5 gxf5 $22 42. h3 h6 43. g4 f4 $19) 38... f5 39. exf5 gxf5 40.
Bc4 Ke5 $19 41. Kd3 h6 42. Kc3 f4 43. gxf4+ Kxf4 {/\Ke5, Bf5-e4, ><d5}) (36. h3
$142 $1 g5 (36... Kc7 37. g4 $8 {(/\g5)} (37. Bc4 Kb6 38. Kd3 Bb5 39. Bxb5 (39.
d6 Bd7 $19) 39... Kxb5 40. e5 fxe5 41. Ke4 c4 42. Kxe5 c3 43. d6 c2 44. d7 c1=Q
45. d8=Q Qe3+ 46. Kf6 Qb6+ 47. Qxb6+ Kxb6 $19) 37... h6 (37... g5 38. Bc4 Kb6 (
38... Bd1 39. Kd2 Bf3 40. Ke3 Bg2 41. Bd3 $11) 39. Kd3 Bb5 40. Bxb5 Kxb5 41. e5
c4+ 42. Ke4 fxe5 43. Kxe5 {- 36...g5}) 38. Bc4 $8 (38. h4 g5 39. hxg5 hxg5 $19)
38... Kb6 39. Kd3 Bb5 40. d6 $8 (40. Bxb5 Kxb5 41. e5 fxe5 42. Ke4 c4 43. Kxe5
c3 44. d6 c2 45. d7 c1=Q 46. d8=Q Qe3+ $19) 40... Bc6 41. Ke3 g5 42. Kd3 Be8
43. Bd5 Bd7 (43... Kxa6 44. Be6 Bb5+ 45. Bc4 Bxc4+ 46. Kxc4 Kb7 47. Kd5 Kc8 48.
Ke6 Kd8 49. Kxf6 c4 50. e5 c3 51. Kf7 c2 52. e6 c1=Q 53. e7+ Kd7 54. e8=Q+ Kxd6
$11) 44. Bb7 $1 (44. e5 fxe5 45. Ke4 c4 46. Kxe5 c3 47. Be4 Kxa6 48. Kf6 Bc6
49. Bxc6 (49. Bc2 Kb5 $19) 49... c2 50. d7 c1=Q 51. d8=Q Qxc6+ 52. Kg7 Kb5 $17)
44... Bb5+ 45. Ke3 Bf1 (45... Bc6 46. Bc8) 46. e5 fxe5 47. Ke4 Bxh3 48. Bc8 c4
49. Kxe5 Kc6 50. Bf5 c3 51. Ke6 Bxg4 52. Bxg4 c2 53. d7 c1=Q 54. d8=Q Qc4+ 55.
Kf5 Qf4+ 56. Kg6 Qxg4 57. Kxh6 $11) 37. g3 (37. Kc4 $2 h5 {/\h4, ><g2, h3}) (
37. g4 Kc7 38. Bc4 Kb6 39. Kd3 Be8 40. Ke3 $15) 37... Bd7 38. g4 Kc7 (38... Be8
39. Be2 Kc7 40. Kd2 Kb6 41. Ke3 Bb5 42. Bxb5 {- 38...Kc7}) 39. Bc4 Kb6 40. Kd3
Be8 41. Ke3 (41. Kc3 h5 $19) 41... Bb5 42. Bxb5 Kxb5 43. e5 fxe5 44. Ke4 c4 45.
Kxe5 c3 46. d6 c2 47. d7 c1=Q 48. d8=Q Qf4+ 49. Ke6 $15) (36. g4 Bd1 $5 37. h3
Bf3 38. Kd2 c4 39. Bc2 Bg2 40. h4 g5 (40... h6 $5 {/\g5}) 41. hxg5 fxg5 $17)
36... Bd7 $19 {[/\Bc8, f5]} 37. Be2 (37. Kc3 f5 38. exf5 Bxf5 $19) (37. g3 Bc8
{/\f5}) 37... Bc8 38. Kb5 (38. Kc3 f5 $19) 38... f5 39. e5+ (39. exf5 Bxf5 40.
Bc4 (40. Bf3 Bd3+ 41. Ka5 Bc4 $19) 40... Be4 $19) 39... Kxd5 40. Bc4+ Kxe5 41.
Kxc5 Bd7 $1 42. h4 (42. g3 g5 {/\f4}) 42... f4 $1 43. Bd5 (43. Be2 h6 $19 44.
Bf3 g5 45. hxg5 hxg5 46. Be2 g4 {(/\g3, Bf5-e4)} 47. Bf1 g3 48. Be2 Bf5 $19)
43... Bb5 $1 44. Bg8 (44. Bb7 Bf1 $22 $19) (44. Bc4 Bxc4 45. Kxc4 h6 46. Kc5 g5
47. hxg5 hxg5 48. Kc6 g4 49. Kb7 Kd6 50. Kxa7 Kc7 $19) 44... Bxa6 45. Bxh7 Kf6
46. Kd4 Bb7 47. Bg8 (47. Bxg6 Kxg6 48. Ke5 a5) 47... Bxg2 48. Bc4 Bc6 49. Ba6
Bf3 50. Bd3 a5 51. Bc2 Bc6 0-1